[Event "GER-ch Seniors"]
[Site "Dresden"]
[Date "2012.08.16"]
[Round "8"]
[White "Jacob, Helmut"]
[Black "Hampel, Johannes"]
[Result "0-1"]
[WhiteElo "2184"]
[BlackElo "2117"]
[PlyCount "50"]
[EventDate "2012.08.09"]
[EventType "swiss"]
[EventRounds "9"]
[EventCountry "GER"]
[SourceTitle "EXT 2014"]
[Source "ChessBase"]
[SourceDate "2013.11.20"]
[SourceVersion "1"]
[SourceVersionDate "2013.11.20"]
[SourceQuality "1"]

1. e4 e6 2. Nf3 d5 3. Nc3 Nf6 4. e5 Nfd7 5. d4 c5 6. dxc5 Bxc5 7. Bd3 Nc6 8. Bf4 h6 9. h4 a6 10. Qd2 Qc7 11. 0-0 g5 12. hxg5 hxg5 13. Nxg5 Ndxe5 14. Rfe1 Bd6 15. Bg3 f6 16. Nxe6 Bxe6 17. f4 Bc5+ 18. Bf2 Qb6 19. Nd1 0-0-0 20. fxe5 fxe5 21. c3 e4 22. b4 Bxf2+ 23. Qxf2 Qc7 24. g3 Rdf8 25. Qe3 Rf3 0-1

[Event "GER-ch Seniors"]
[Site "Dresden"]
[Date "2012.08.14"]
[Round "6"]
[White "Engelbert, Christoph"]
[Black "Hampel, Johannes"]
[Result "1-0"]
[WhiteElo "2165"]
[BlackElo "2117"]
[PlyCount "95"]
[EventDate "2012.08.09"]
[EventType "swiss"]
[EventRounds "9"]
[EventCountry "GER"]
[SourceTitle "EXT 2014"]
[Source "ChessBase"]
[SourceDate "2013.11.20"]
[SourceVersion "1"]
[SourceVersionDate "2013.11.20"]
[SourceQuality "1"]

1. e4 e6 2. d4 d5 3. exd5 exd5 4. Nf3 Nf6 5. Bd3 Bg4 6. 0-0 Be7 7. h3 Bh5 8. Bf4 0-0 9. Nbd2 c6 10. c3 Qb6 11. Qb3 Qxb3 12. axb3 Nbd7 13. Rfe1 Rfe8 14. b4 a6 15. Ne5 Nxe5 16. Bxe5 Bg6 17. Bxg6 hxg6 18. Nb3 b6 19. Bxf6 gxf6 20. Ra2 Bd6 21. Rxe8+ Rxe8 22. Kf1 Ra8 23. Ra1 Kf8 24. Ke2 f5 25. Kd3 Ke7 26. Nd2 Kf6 27. Nf1 Ra7 28. Ne3 Kg5 29. b5 cxb5 30. Nxd5 a5 31. Nxb6 Rb7 32. Nd5 a4 33. Ne3 f4 34. Nc2 f3 35. g3 Re7 36. Rc1 Rb7 37. Rd1 b4 38. Nxb4 Bxb4 39. cxb4 Rxb4 40. Rd2 Kf5 41. Kc3 Rb3+ 42. Kc4 Ke6 43. Kc5 a3 44. bxa3 Rxa3 45. d5+ Kd7 46. Kd4 Kd6 47. Ke4 f5+ 48. Kf4 1-0

[Event "GER-ch Seniors"]
[Site "Dresden"]
[Date "2012.08.09"]
[Round "1"]
[White "Hampel, Johannes"]
[Black "Becker, Guenter"]
[Result "1-0"]
[WhiteElo "2117"]
[BlackElo "1845"]
[PlyCount "62"]
[EventDate "2012.08.09"]
[EventType "swiss"]
[EventRounds "9"]
[EventCountry "GER"]
[SourceTitle "EXT 2014"]
[Source "ChessBase"]
[SourceDate "2013.11.20"]
[SourceVersion "1"]
[SourceVersionDate "2013.11.20"]
[SourceQuality "1"]

1. d4 c6 2. c4 d5 3. Nf3 g6 4. Bf4 Bg7 5. e3 Nf6 6. Nc3 0-0 7. Qb3 Qb6 8. Qa3 Re8 9. Bd3 Nh5 10. c5 Qd8 11. Bg5 f6 12. Bh4 Qc7 13. Be2 e5 14. 0-0-0 g5 15. Nxg5 fxg5 16. Bxh5 Rf8 17. Bg3 Qe7 18. dxe5 Nd7 19. f4 b6 20. h4 gxf4 21. exf4 Nxc5 22. Na4 Bf5 23. Bf2 Nd3+ 24. Rxd3 c5 25. Rd2 Be4 26. Be3 d4 27. Rxd4 Qb7 28. Rxe4 Qxe4 29. Bf3 Qc4+ 30. Nc3 Rad8 31. Be2 Qf7 1-0

[Event "Hessen-ch Seniors op 08th"]
[Site "Bad Sooden-Allendorf"]
[Date "2012.04.21"]
[Round "8"]
[White "Hampel, Johannes"]
[Black "Krotofil, Kurt"]
[Result "1/2-1/2"]
[WhiteElo "2136"]
[BlackElo "2030"]
[PlyCount "76"]
[EventDate "2012.04.14"]
[EventType "swiss"]
[EventRounds "9"]
[EventCountry "GER"]
[SourceTitle "EXT 2019"]
[Source "ChessBase"]
[SourceDate "2018.10.10"]
[SourceVersion "1"]
[SourceVersionDate "2018.10.10"]
[SourceQuality "1"]

1. d4 d5 2. c4 c6 3. Nf3 Nf6 4. e3 e6 5. Nc3 Nbd7 6. Bd3 dxc4 7. Bxc4 b5 8. Bd3 a6 9. e4 c5 10. d5 e5 11. b3 Bd6 12. 0-0 0-0 13. Bb2 Nb6 14. Nd2 Ng4 15. h3 Nh6 16. a4 b4 17. Ne2 f5 18. a5 Nd7 19. Nc4 Nf6 20. Nxd6 Qxd6 21. f4 Nxe4 22. fxe5 Qd8 23. Qc2 Bb7 24. Bxe4 fxe4 25. Rxf8+ Qxf8 26. Qxe4 Qf5 27. Qc4 Rf8 28. Rd1 Qf2+ 29. Kh2 Nf5 30. Qe4 Ne3 31. Rd3 Qxe2 32. Rxe3 Qxb2 33. e6 Qf6 34. Rf3 Qe7 35. Rxf8+ Kxf8 36. Qf4+ Kg8 37. Qb8+ Qf8 38. Qxb7 Qf4+ 1/2-1/2

[Event "Hessen-ch Seniors op 08th"]
[Site "Bad Sooden-Allendorf"]
[Date "2012.04.20"]
[Round "7"]
[White "Papapostolou, Christos"]
[Black "Hampel, Johannes"]
[Result "1/2-1/2"]
[WhiteElo "2073"]
[BlackElo "2136"]
[PlyCount "94"]
[EventDate "2012.04.14"]
[EventType "swiss"]
[EventRounds "9"]
[EventCountry "GER"]
[SourceTitle "EXT 2019"]
[Source "ChessBase"]
[SourceDate "2018.10.10"]
[SourceVersion "1"]
[SourceVersionDate "2018.10.10"]
[SourceQuality "1"]

1. d4 d5 2. c4 e6 3. Nc3 Nf6 4. Nf3 Be7 5. e3 0-0 6. Qc2 c5 7. a3 b6 8. cxd5 exd5 9. Bd2 Nc6 10. Bb5 Bb7 11. 0-0 a6 12. Bxc6 Bxc6 13. Ne5 Bb7 14. Rac1 Bd6 15. f4 Ne4 16. Nxe4 dxe4 17. Nc4 cxd4 18. Nxd6 Qxd6 19. Bb4 Qd5 20. Bxf8 Kxf8 21. Qc4 d3 22. Rfd1 Qxc4 23. Rxc4 Rc8 24. Rxc8+ Bxc8 25. Kf2 Bg4 26. Rd2 Be6 27. Ke1 a5 28. Rf2 f5 29. Kd2 Ke7 30. Kc3 Kd6 31. Kd4 h5 32. g3 Bb3 33. Kc3 a4 34. h3 Kc5 35. g4 hxg4 36. hxg4 fxg4 37. f5 Kd6 38. Rg2 Ke5 39. Rxg4 Kxf5 40. Rxg7 b5 41. Kd2 Kf6 42. Rh7 Bc2 43. Rh8 Kf5 44. Rh5+ Kf6 45. Rc5 Ke6 46. Rxb5 Kd6 47. Rh5 Ke6 1/2-1/2

[Event "Hessen-ch Seniors op 08th"]
[Site "Bad Sooden-Allendorf"]
[Date "2012.04.17"]
[Round "4"]
[White "Hampel, Johannes"]
[Black "Fritsch, Wolfgang"]
[Result "1/2-1/2"]
[WhiteElo "2136"]
[BlackElo "1855"]
[PlyCount "49"]
[EventDate "2012.04.14"]
[EventType "swiss"]
[EventRounds "9"]
[EventCountry "GER"]
[SourceTitle "EXT 2019"]
[Source "ChessBase"]
[SourceDate "2018.10.10"]
[SourceVersion "1"]
[SourceVersionDate "2018.10.10"]
[SourceQuality "1"]

1. d4 d5 2. c4 dxc4 3. Nf3 Nf6 4. e3 e6 5. Bxc4 Nbd7 6. 0-0 Nb6 7. Bb3 Be7 8. Nc3 0-0 9. e4 a6 10. Be3 Ng4 11. Bf4 Nf6 12. Rc1 Bd7 13. Qd3 Nh5 14. Be3 g6 15. Ne5 Bc8 16. Bh6 Ng7 17. f4 Nd7 18. Ng4 Nc5 19. Qe3 Nxb3 20. axb3 Re8 21. Rfd1 c6 22. e5 Nf5 23. Qh3 Nxh6 24. Nxh6+ Kg7 25. Ne4 1/2-1/2

[Event "Hessen-ch Seniors op 08th"]
[Site "Bad Sooden-Allendorf"]
[Date "2012.04.14"]
[Round "1"]
[White "Reimann, Guenther"]
[Black "Hampel, Johannes"]
[Result "1/2-1/2"]
[WhiteElo "1968"]
[BlackElo "2136"]
[PlyCount "47"]
[EventDate "2012.04.14"]
[EventType "swiss"]
[EventRounds "9"]
[EventCountry "GER"]
[SourceTitle "EXT 2019"]
[Source "ChessBase"]
[SourceDate "2018.10.10"]
[SourceVersion "1"]
[SourceVersionDate "2018.10.10"]
[SourceQuality "1"]

1. c4 e6 2. d3 d5 3. Nd2 Nf6 4. Ngf3 c5 5. g3 Nc6 6. Bg2 Be7 7. 0-0 0-0 8. a3 b6 9. Re1 Bb7 10. e3 Qc7 11. Qc2 Rfd8 12. b3 Rd7 13. Bb2 Rad8 14. Rac1 dxc4 15. dxc4 Qd6 16. Bxf6 gxf6 17. Ne4 Qd3 18. Nc3 Na5 19. Qb2 Bxf3 20. Bxf3 Qf5 21. Be4 Qe5 22. f4 Qh5 23. Nb1 Rd1 24. Qc2 1/2-1/2

[Event "EU-chT Seniors 12th"]
[Site "Dresden"]
[Date "2010.02.18"]
[Round "9"]
[White "Kelchner, Hans"]
[Black "Hampel, Johannes"]
[Result "1-0"]
[WhiteElo "2193"]
[BlackElo "2126"]
[PlyCount "85"]
[EventDate "2010.02.10"]
[EventType "team-swiss"]
[EventRounds "9"]
[EventCountry "GER"]
[SourceTitle "CBM 134 Extra"]
[Source "ChessBase"]
[SourceDate "2010.03.03"]
[SourceVersion "1"]
[SourceVersionDate "2010.03.03"]
[SourceQuality "1"]
[WhiteTeam "Pfalz (Seniors)"]
[BlackTeam "Dresden Springer (Seniors)"]
[WhiteTeamCountry "GER"]
[BlackTeamCountry "GER"]

1. d4 d5 2. Bf4 c5 3. e3 e6 4. c3 Nf6 5. Nd2 Be7 6. Bd3 Nbd7 7. h3 0-0 8. Ngf3 b6 9. Ne5 Bb7 10. Qb1 h6 11. a4 a6 12. 0-0 Nxe5 13. Bxe5 Bd6 14. f4 Qe7 15. Qd1 Ne4 16. Bxe4 dxe4 17. Nc4 Bc7 18. Bxc7 Qxc7 19. Qb3 Bd5 20. Qxb6 Qe7 21. Ne5 Rfb8 22. Qxc5 Qxc5 23. dxc5 f6 24. Nd7 Rxb2 25. Nb6 Rb8 26. c4 Bc6 27. Rfd1 Re2 28. Ra3 Kf8 29. Rd6 Be8 30. Rxe6 Rd8 31. Rd6 Rxd6 32. cxd6 Bc6 33. Rc3 Rd2 34. c5 Ke8 35. Nc8 g5 36. fxg5 hxg5 37. Ne7 Kd7 38. Rc4 Rd3 39. Nxc6 Kxc6 40. Rd4 Rxd4 41. exd4 f5 42. g3 e3 43. Kf1 1-0

[Event "EU-chT Seniors 12th"]
[Site "Dresden"]
[Date "2010.02.13"]
[Round "4"]
[White "Hampel, Johannes"]
[Black "Oldach, Ehrenfried"]
[Result "1-0"]
[WhiteElo "2126"]
[BlackElo "2070"]
[PlyCount "40"]
[EventDate "2010.02.10"]
[EventType "team-swiss"]
[EventRounds "9"]
[EventCountry "GER"]
[SourceTitle "CBM 134 Extra"]
[Source "ChessBase"]
[SourceDate "2010.03.03"]
[SourceVersion "1"]
[SourceVersionDate "2010.03.03"]
[SourceQuality "1"]
[WhiteTeam "Dresden Springer (Seniors)"]
[BlackTeam "Mecklenburg Vorpommern Seniors II"]
[WhiteTeamCountry "GER"]
[BlackTeamCountry "GER"]

1. d4 e6 2. c4 Nf6 3. Nc3 Bb4 4. e3 b6 5. Bd3 Bb7 6. f3 Bxc3+ 7. bxc3 d6 8. Ne2 Nbd7 9. e4 0-0 10. 0-0 h6 11. Ng3 Re8 12. f4 e5 13. fxe5 dxe5 14. d5 Bc8 15. Qf3 Nc5 16. Bc2 Bg4 17. Qf2 Kh7 18. h3 Bc8 19. Nf5 Ncxe4 20. Ng3 g6 1-0

[Event "EU-chT Seniors 12th"]
[Site "Dresden"]
[Date "2010.02.11"]
[Round "2"]
[White "Hampel, Johannes"]
[Black "Lahti, Jouko"]
[Result "1/2-1/2"]
[WhiteElo "2126"]
[BlackElo "2020"]
[PlyCount "57"]
[EventDate "2010.02.10"]
[EventType "team-swiss"]
[EventRounds "9"]
[EventCountry "GER"]
[SourceTitle "CBM 134 Extra"]
[Source "ChessBase"]
[SourceDate "2010.03.03"]
[SourceVersion "1"]
[SourceVersionDate "2010.03.03"]
[SourceQuality "1"]
[WhiteTeam "Dresden Springer (Seniors)"]
[BlackTeam "Botnia (Seniors)"]
[WhiteTeamCountry "GER"]
[BlackTeamCountry "FIN"]

1. d4 Nf6 2. c4 g6 3. Nc3 Bg7 4. e4 d6 5. Be2 0-0 6. Bg5 Na6 7. Nf3 Qe8 8. 0-0 e5 9. Bxf6 Bxf6 10. c5 exd4 11. Nd5 Bd8 12. Bxa6 bxa6 13. Qxd4 dxc5 14. Qxc5 c6 15. Nc3 Bb6 16. Qg5 f6 17. Qf4 Qe7 18. Rad1 Bc7 19. Qh4 Rb8 20. Rd2 Rb4 21. Nd4 Rc4 22. Rfd1 Rc5 23. f4 Rc4 24. Kh1 Rd8 25. Nde2 Rxd2 26. Rxd2 g5 27. fxg5 fxg5 28. Qh5 Rc5 29. Qf3 1/2-1/2

[Event "Sachsen-ch Seniors op 17th"]
[Site "Dresden"]
[Date "2009.02.17"]
[Round "9"]
[White "Koksch, Guenther"]
[Black "Hampel, Johannes"]
[Result "1/2-1/2"]
[WhiteElo "1921"]
[BlackElo "2026"]
[PlyCount "27"]
[EventDate "2009.02.09"]
[EventType "swiss"]
[EventRounds "9"]
[EventCountry "GER"]
[SourceTitle "EXT 2022"]
[Source "ChessBase"]
[SourceDate "2021.10.06"]
[SourceVersion "1"]
[SourceVersionDate "2021.10.06"]
[SourceQuality "1"]

1. d4 d5 2. Nc3 Nf6 3. Bg5 c5 4. e3 e6 5. f4 Be7 6. Nf3 0-0 7. Ne5 Nc6 8. Nxc6 bxc6 9. Bd3 cxd4 10. exd4 c5 11. 0-0 cxd4 12. Ne2 h6 13. Bh4 Ne4 14. Bxe7 1/2-1/2

[Event "Sachsen-ch Seniors op 17th"]
[Site "Dresden"]
[Date "2009.02.16"]
[Round "8"]
[White "Hampel, Johannes"]
[Black "Felger, Karl"]
[Result "1-0"]
[WhiteElo "2026"]
[BlackElo "1819"]
[PlyCount "131"]
[EventDate "2009.02.09"]
[EventType "swiss"]
[EventRounds "9"]
[EventCountry "GER"]
[SourceTitle "EXT 2022"]
[Source "ChessBase"]
[SourceDate "2021.10.06"]
[SourceVersion "1"]
[SourceVersionDate "2021.10.06"]
[SourceQuality "1"]

1. d4 b6 2. e4 Bb7 3. Bd3 e6 4. Nf3 c5 5. c3 cxd4 6. cxd4 Nc6 7. Nc3 Nb4 8. Be2 Nf6 9. a3 Na6 10. 0-0 Nc7 11. Bd3 Be7 12. Bg5 h6 13. Bh4 0-0 14. Qe2 d5 15. e5 Nd7 16. Bg3 a5 17. Rac1 Ba6 18. Nb5 Nxb5 19. Bxb5 Bxb5 20. Qxb5 Rc8 21. Bf4 g5 22. Rxc8 Qxc8 23. Rc1 Qb7 24. Bd2 Rc8 25. Rc3 Rxc3 26. Bxc3 Qc7 27. h3 Kg7 28. Qe2 a4 29. Qb5 Qa7 30. Ne1 f5 31. exf6+ Bxf6 32. Qc6 Kf7 33. Nd3 Bg7 34. Kh2 Nf8 35. Nb4 Bf6 36. g3 Bd8 37. Qb5 Qa5 38. Qxa5 bxa5 39. Nc6 Bb6 40. Nxa5 Bxa5 41. Bxa5 Nd7 42. Kg2 Kg6 43. Kf3 h5 44. Ke3 Kf5 45. f3 g4 46. fxg4+ hxg4 47. h4 Nf6 48. Bc7 Nd7 49. Kd3 Nf6 50. Kc3 Ke4 51. Be5 Nd7 52. Bg7 Nb6 53. Kb4 Nc4 54. Kxa4 Nxb2+ 55. Kb5 Nc4 56. a4 e5 57. dxe5 Nxe5 58. a5 d4 59. Bxe5 Kxe5 60. Kc4 Ke4 61. a6 d3 62. a7 d2 63. a8Q+ Ke3 64. Qd5 Ke2 65. Qd3+ Ke1 66. Qe3+ 1-0

[Event "Sachsen-ch Seniors op 17th"]
[Site "Dresden"]
[Date "2009.02.15"]
[Round "7"]
[White "Hampel, Johannes"]
[Black "Juergens, Peter1111"]
[Result "1/2-1/2"]
[WhiteElo "2026"]
[BlackElo "1806"]
[PlyCount "55"]
[EventDate "2009.02.09"]
[EventType "swiss"]
[EventRounds "9"]
[EventCountry "GER"]
[SourceTitle "EXT 2022"]
[Source "ChessBase"]
[SourceDate "2021.10.06"]
[SourceVersion "1"]
[SourceVersionDate "2021.10.06"]
[SourceQuality "1"]

1. d4 e6 2. c4 Nf6 3. Nc3 Bb4 4. e3 c5 5. Bd3 Nc6 6. Nf3 Bxc3+ 7. bxc3 d6 8. Nd2 e5 9. d5 Ne7 10. 0-0 Ng6 11. h3 Qe7 12. Qc2 0-0 13. Kh1 Re8 14. Ne4 Nxe4 15. Bxe4 Qh4 16. f4 exf4 17. exf4 Qh5 18. Bb2 f5 19. Bd3 Bd7 20. Qf2 Qh4 21. Qxh4 Nxh4 22. Rae1 Ng6 23. Bc1 Kf7 24. g3 Rxe1 25. Rxe1 Re8 26. Rxe8 Kxe8 27. Kg2 Ne7 28. Kf3 1/2-1/2

[Event "Sachsen-ch Seniors op 17th"]
[Site "Dresden"]
[Date "2009.02.12"]
[Round "4"]
[White "Groschup, Gerhard"]
[Black "Hampel, Johannes"]
[Result "0-1"]
[WhiteElo "1855"]
[BlackElo "2026"]
[PlyCount "64"]
[EventDate "2009.02.09"]
[EventType "swiss"]
[EventRounds "9"]
[EventCountry "GER"]
[SourceTitle "EXT 2022"]
[Source "ChessBase"]
[SourceDate "2021.10.06"]
[SourceVersion "1"]
[SourceVersionDate "2021.10.06"]
[SourceQuality "1"]

1. d4 d5 2. Nf3 Nf6 3. Nbd2 Bf5 4. e3 e6 5. Be2 c5 6. 0-0 Nc6 7. a3 Bd6 8. dxc5 Bxc5 9. b4 Be7 10. c4 dxc4 11. Nxc4 0-0 12. Qxd8 Rfxd8 13. b5 Nb8 14. Nd4 Be4 15. Bb2 Nbd7 16. Rac1 Nc5 17. Rfd1 Na4 18. Ba1 Rac8 19. Bf3 Bd5 20. Bxd5 Rxd5 21. Na5 Rcd8 22. Rf1 Bxa3 23. Nxb7 Rb8 24. Rc7 Ne8 25. Nc6 Nxc7 26. Nxb8 Rxb5 27. Rd1 Nd5 28. e4 Rxb7 29. Be5 f6 30. Bg3 Nac3 31. Ra1 Bb2 32. Ra5 Ne2+ 0-1

[Event "Sachsen-ch Seniors op 17th"]
[Site "Dresden"]
[Date "2009.02.10"]
[Round "2"]
[White "Roos, Hans Goerg"]
[Black "Hampel, Johannes"]
[Result "1-0"]
[WhiteElo "1798"]
[BlackElo "2026"]
[PlyCount "127"]
[EventDate "2009.02.09"]
[EventType "swiss"]
[EventRounds "9"]
[EventCountry "GER"]
[SourceTitle "EXT 2022"]
[Source "ChessBase"]
[SourceDate "2021.10.06"]
[SourceVersion "1"]
[SourceVersionDate "2021.10.06"]
[SourceQuality "1"]

1. Nf3 d5 2. g3 Nf6 3. Bg2 e6 4. 0-0 Be7 5. d3 0-0 6. Nbd2 c5 7. e4 Nc6 8. Re1 b5 9. e5 Nd7 10. Nf1 a5 11. h4 b4 12. h5 Ba6 13. h6 g6 14. N1h2 a4 15. a3 Bb5 16. Bf4 bxa3 17. bxa3 Nd4 18. Nxd4 cxd4 19. Nf3 Qb6 20. Qd2 Rac8 21. Rec1 Ba6 22. Bg5 Bc5 23. Rcb1 Qa7 24. Qf4 Rc7 25. Bf6 Rfc8 26. Ng5 Nxf6 27. Qxf6 Bf8 28. Nxe6 fxe6 29. Qxe6+ Rf7 30. Bxd5 Bxh6 31. Rb7 Qxb7 32. Bxb7 Bxb7 33. Rb1 Rcc7 34. Qe8+ Bf8 35. Qxa4 Bf3 36. Qxd4 Rxc2 37. Qe3 Bd5 38. Rf1 Bxa3 39. Qd4 Be6 40. Qa4 Rc3 41. Qe8+ Kg7 42. Qxe6 Rxd3 43. Qc4 Rdf3 44. Kg2 Be7 45. Qd5 Ra3 46. Re1 Rc3 47. Re2 Rc5 48. Qd4 Rc7 49. Qd5 Rc5 50. Qd7 Bf8 51. Qd4 Rcc7 52. e6+ Rf6 53. g4 g5 54. Qe5 Rc5 55. Qe3 Be7 56. Qd4 Rc7 57. Re5 Kh6 58. Qd3 Rf4 59. Qh3+ Kg7 60. Rf5 Rcc4 61. Rxf4 Rxf4 62. Qc3+ Bf6 63. Qc7+ Kh6 64. f3 1-0

[Event "EU-chT Seniors 10th"]
[Site "Dresden"]
[Date "2008.02.19"]
[Round "9.3"]
[White "Just, Joachim"]
[Black "Hampel, Johannes"]
[Result "1/2-1/2"]
[WhiteElo "2101"]
[BlackElo "2194"]
[PlyCount "28"]
[EventDate "2008.02.11"]
[EventType "team-swiss"]
[EventRounds "9"]
[EventCountry "GER"]
[SourceTitle "CBM 122 Extra"]
[Source "ChessBase"]
[SourceDate "2008.03.04"]
[SourceVersion "1"]
[SourceVersionDate "2008.03.04"]
[SourceQuality "1"]
[WhiteTeam "Sachsen Anhalt"]
[BlackTeam "Sachsen"]
[WhiteTeamCountry "GER"]
[BlackTeamCountry "GER"]

1. e4 e6 2. d4 d5 3. Bd3 dxe4 4. Bxe4 Nf6 5. Bf3 c5 6. Ne2 Qb6 7. 0-0 Nc6 8. Nbc3 Nxd4 9. Nxd4 cxd4 10. Na4 Qb4 11. b3 Bd7 12. Bd2 Qb5 13. Bf4 Bc6 14. Bxc6+ Qxc6 1/2-1/2

[Event "EU-chT Seniors 10th"]
[Site "Dresden"]
[Date "2008.02.11"]
[Round "1.4"]
[White "Hampel, Johannes"]
[Black "Friedrich, Ekkehard"]
[Result "1-0"]
[WhiteElo "2194"]
[BlackElo "1893"]
[PlyCount "63"]
[EventDate "2008.02.11"]
[EventType "team-swiss"]
[EventRounds "9"]
[EventCountry "GER"]
[SourceTitle "CBM 122 Extra"]
[Source "ChessBase"]
[SourceDate "2008.03.04"]
[SourceVersion "1"]
[SourceVersionDate "2008.03.04"]
[SourceQuality "1"]
[WhiteTeam "Sachsen"]
[BlackTeam "Stoertebeker"]
[WhiteTeamCountry "GER"]
[BlackTeamCountry "GER"]

1. d4 Nf6 2. c4 e6 3. Nc3 Bb4 4. e3 c5 5. Bd3 Nc6 6. Nf3 d5 7. 0-0 Bxc3 8. bxc3 0-0 9. Ba3 dxc4 10. Bxc4 Ne4 11. Qc2 f5 12. dxc5 Qa5 13. Qb3 Rf6 14. Bb4 Qc7 15. Bd3 Rh6 16. Rfd1 Ng5 17. Nxg5 Qxh2+ 18. Kf1 Qh1+ 19. Ke2 Qxg2 20. Rg1 Qh2 21. Nf3 Qh5 22. Rg5 Qf7 23. Rag1 g6 24. Bc4 Kf8 25. Nd4 Ke7 26. Nxf5+ Kf6 27. Nxh6 Qg7 28. Qd1 Qxh6 29. Qd6 Kf7 30. R1g4 Qh3 31. Rf4+ Kg7 32. Qf8# 1-0

[Event "EU-chT Seniors 09th"]
[Site "Dresden"]
[Date "2007.02.23"]
[Round "8"]
[White "Goebel, Wolfgang"]
[Black "Hampel, Johannes"]
[Result "1/2-1/2"]
[WhiteElo "2124"]
[BlackElo "2192"]
[PlyCount "52"]
[EventDate "2007.02.16"]
[EventType "team-swiss"]
[EventRounds "9"]
[EventCountry "GER"]
[SourceTitle "CBM 117 Extra"]
[Source "ChessBase"]
[SourceDate "2007.05.09"]
[SourceVersion "1"]
[SourceVersionDate "2007.05.09"]
[SourceQuality "1"]

1. e4 e6 2. Qe2 c5 3. f4 Nc6 4. Nf3 Nge7 5. g3 g6 6. c3 d5 7. d3 Bg7 8. Bg2 b6 9. e5 d4 10. c4 0-0 11. 0-0 a6 12. Nbd2 b5 13. b3 Rb8 14. Ne4 bxc4 15. bxc4 Qa5 16. Qd2 Qb6 17. Ba3 Nb4 18. Rfb1 a5 19. Bc1 Qc7 20. a3 Na6 21. Rxb8 Nxb8 22. Rb1 Nd7 23. Rb5 Nc6 24. Nfg5 Ba6 25. Rb2 h6 26. Nh3 Rb8 1/2-1/2

[Event "EU-chT Seniors 09th"]
[Site "Dresden"]
[Date "2007.02.16"]
[Round "1"]
[White "Hampel, Johannes"]
[Black "Mewes, Hans Dieter"]
[Result "1-0"]
[WhiteElo "2192"]
[BlackElo "1862"]
[PlyCount "65"]
[EventDate "2007.02.16"]
[EventType "team-swiss"]
[EventRounds "9"]
[EventCountry "GER"]
[SourceTitle "CBM 117 Extra"]
[Source "ChessBase"]
[SourceDate "2007.05.09"]
[SourceVersion "1"]
[SourceVersionDate "2007.05.09"]
[SourceQuality "1"]

1. d4 Nf6 2. c4 e6 3. Nc3 Bb4 4. e3 b6 5. Bd3 Bb7 6. Nf3 0-0 7. 0-0 d5 8. a3 Bxc3 9. bxc3 dxc4 10. Bxc4 Nbd7 11. Re1 Ne4 12. Qc2 Re8 13. Bd3 f5 14. Nd2 Ndf6 15. f3 Nxd2 16. Qxd2 Nd5 17. e4 Ne7 18. Bc4 Qd7 19. Qa2 Kf7 20. Bg5 g6 21. Qf2 Kg7 22. Qh4 Ng8 23. Bf4 h6 24. exf5 gxf5 25. Re3 Kh7 26. Rae1 Bd5 27. Bd3 b5 28. Bxh6 Nxh6 29. Bxf5+ Kg8 30. Qxh6 Qg7 31. Bxe6+ Bxe6 32. Qxg7+ Kxg7 33. Rxe6 1-0

[Event "GER-ch Seniors 18th"]
[Site "Dresden"]
[Date "2006.07.27"]
[Round "6"]
[White "Hampel, Johannes"]
[Black "Schroeter, Helmut"]
[Result "1-0"]
[WhiteElo "2182"]
[BlackElo "2039"]
[PlyCount "55"]
[EventDate "2006.07.22"]
[EventType "swiss"]
[EventRounds "9"]
[EventCountry "GER"]
[SourceTitle "CBM 113 Extra"]
[Source "ChessBase"]
[SourceDate "2006.09.14"]
[SourceVersion "1"]
[SourceVersionDate "2006.09.14"]
[SourceQuality "1"]

1. d4 Nf6 2. c4 e6 3. Nc3 Bb4 4. e3 0-0 5. Bd3 d6 6. Nge2 e5 7. 0-0 Re8 8. a3 Bxc3 9. Nxc3 e4 10. Bc2 c6 11. f3 d5 12. fxe4 Bg4 13. Qe1 Nxe4 14. Nxe4 dxe4 15. Rf4 Be6 16. Rxe4 Bxc4 17. Rxe8+ Qxe8 18. Qh4 g6 19. b3 Be6 20. e4 Nd7 21. Bb2 Qd8 22. Qh6 Qf8 23. Qf4 Qb8 24. Qe3 Qd6 25. Rd1 Bg4 26. Rd2 c5 27. h3 cxd4 28. hxg4 1-0

[Event "EU-chT Seniors 08th"]
[Site "Dresden"]
[Date "2006.02.20"]
[Round "4"]
[White "Potthammel, Joerg"]
[Black "Hampel, Johannes"]
[Result "1/2-1/2"]
[WhiteElo "2109"]
[BlackElo "2194"]
[PlyCount "33"]
[EventDate "2006.02.17"]
[EventType "team-swiss"]
[EventRounds "8"]
[EventCountry "GER"]
[SourceTitle "CBM 111 Extra"]
[Source "ChessBase"]
[SourceDate "2006.05.09"]
[SourceVersion "1"]
[SourceVersionDate "2006.05.09"]
[SourceQuality "1"]
[WhiteTeam "Mecklenburg Vorpommern"]
[BlackTeam "Sachsen"]
[WhiteTeamCountry "GER"]
[BlackTeamCountry "GER"]

1. e4 e6 2. d4 d5 3. Nc3 Nf6 4. e5 Nfd7 5. f4 c5 6. Nf3 Nc6 7. Be3 a6 8. a3 b5 9. Ne2 Qb6 10. c3 a5 11. g3 Ba6 12. Bh3 cxd4 13. cxd4 b4 14. Kf2 g6 15. Qd2 Be7 16. Rhc1 0-0 17. Bf1 1/2-1/2

[Event "EU-chT Seniors 08th"]
[Site "Dresden"]
[Date "2006.02.18"]
[Round "2"]
[White "Eskandary, Jahja"]
[Black "Hampel, Johannes"]
[Result "1-0"]
[WhiteElo "2159"]
[BlackElo "2194"]
[PlyCount "69"]
[EventDate "2006.02.17"]
[EventType "team-swiss"]
[EventRounds "8"]
[EventCountry "GER"]
[SourceTitle "CBM 111 Extra"]
[Source "ChessBase"]
[SourceDate "2006.05.09"]
[SourceVersion "1"]
[SourceVersionDate "2006.05.09"]
[SourceQuality "1"]
[WhiteTeam "Dresden Lokomotiv"]
[BlackTeam "Sachsen"]
[WhiteTeamCountry "GER"]
[BlackTeamCountry "GER"]

1. e4 e6 2. Ne2 d5 3. exd5 exd5 4. Ng3 Bd6 5. d4 Ne7 6. Bd3 0-0 7. Qh5 g6 8. Qh6 Nec6 9. c3 Re8+ 10. Be3 Bf8 11. Qf4 Bd6 12. Qf3 Qh4 13. Nf1 Be6 14. h3 Nd7 15. Nbd2 Ne7 16. 0-0-0 f5 17. g3 Qf6 18. h4 f4 19. gxf4 Rf8 20. Re1 Bf5 21. Bxf5 Qxf5 22. Ng3 Qd3 23. h5 Rf7 24. hxg6 Qxg6 25. Rh5 Kh8 26. f5 Qg8 27. Bh6 Nf6 28. Rg5 Qc8 29. Nh5 Ne8 30. Qg4 Rxf5 31. Rxe7 Rxg5 32. Qxg5 Bxe7 33. Qxe7 Qg4 34. Bg5 Qxh5 35. Qf8# 1-0